| 000 | 00827cam a22002891a 4500 | ||
|---|---|---|---|
| 001 | 29650 | ||
| 005 | 20230410130648.0 | ||
| 008 | 730823s1973 sp b 000 0 spa | ||
| 035 | _9(DLC) 73351306 | ||
| 035 | _a9000052 | ||
| 010 | _a73351306 | ||
| 035 | _a(OCoLC)681408 | ||
| 040 |
_aDLC _cOU _dTxGeoS _dPPiU _dDLC |
||
| 042 | _apremarc | ||
| 050 | 1 | 4 |
_aPN 203 _bM381c 1973 |
| 100 | 1 |
_aMartín, José Luis, _d1921- |
|
| 245 | 1 | 0 |
_aCrítica estilística / _cprólogo de Helmut A. Hatzfeld. |
| 260 |
_aMadrid : _bEditorial Gredos, _c1973. |
||
| 300 |
_a410 p. ; _c25 cm. |
||
| 504 | _aIncludes bibliographical references (p. [379]-402). | ||
| 650 | 0 | _aStyle, Literary. | |
| 650 | 4 | _aEstilo literario. | |
| 650 | 0 | _aLiterature. | |
| 650 | 0 | _aCriticism. | |
| 942 |
_2lcc _cbk |
||
| 985 | _eOCLC REPLACEMENT cdsdistr | ||
| 999 |
_c78092 _d78092 |
||